|
|
|
|
| LEADER |
00980nab a2200277 i 4500 |
| 001 |
publ4699 |
| 005 |
20190322090450.0 |
| 008 |
150120s2014 hu o 0|| angol d |
| 022 |
|
|
|a 1475-2840
|
| 024 |
7 |
|
|a 10.1186/1475-2840-13-69
|2 doi
|
| 024 |
7 |
|
|a 2569949
|2 mtmt
|
| 040 |
|
|
|a SZTE Publicatio Repozitórium
|b hun
|
| 041 |
|
|
|a angol
|
| 100 |
1 |
|
|a Sélley Eszter
|
| 245 |
1 |
0 |
|a Exenatide induces aortic vasodilation increasing hydrogen sulphide, carbon monoxide and nitric oxide production
|h [elektronikus dokumentum] /
|c Sélley Eszter
|
| 260 |
|
|
|a BioMed Central
|c 2014
|
| 300 |
|
|
|a N°69
|
| 490 |
0 |
|
|a Cardiovascular Diabetology
|v 13 No. 1
|
| 700 |
0 |
1 |
|a Kun Szilárd
|e aut
|
| 700 |
0 |
1 |
|a Szijártó István András
|e aut
|
| 700 |
0 |
1 |
|a Laczy Boglárka
|e aut
|
| 700 |
0 |
1 |
|a Kovács Tibor
|e aut
|
| 700 |
0 |
1 |
|a Fülöp Ferenc
|e aut
|
| 700 |
0 |
1 |
|a Wittmann István
|e aut
|
| 700 |
0 |
1 |
|a Molnár Gergő A
|e aut
|
| 856 |
4 |
0 |
|u http://publicatio.bibl.u-szeged.hu/4699/1/2569949.pdf
|z Dokumentum-elérés
|